| 000 | 01165cab a2200289 4500 | ||
|---|---|---|---|
| 001 | ABS43983 | ||
| 008 | 090401t1990 xxu||||| |||| 00| 0 eng d | ||
| 035 | _a(Sirsi) u44568 | ||
| 041 | _aeng | ||
| 245 | _aBillson and others v Residential Apartments Ltd | ||
| 260 | _c1990 | ||
| 350 | _a0 | ||
| 490 |
_aProperty and Compensation Reports _v(1990) 60 PCR 392-412(21) |
||
| 520 | _aChD 16 February 1990. Tenants, without consent, began conversion of property from bedsitting rooms into self-contained flats . The landlords seeking repossession were vindicated on all counts: they were found not to be witholding consent unreasonably and on re-entering the property were not found to be in breach of Protection From Eviction Act 1977 s2 . | ||
| 650 | _aBILLSON AND OTHERS V RESIDENTIAL APARTMENTS LTD | ||
| 650 | _aBREACH OF COVENANT | ||
| 650 | _aCOVENANT AGAINST ALTERATION | ||
| 650 | _aFORFEITURE | ||
| 650 | _aLAW OF PROPERTY ACT 1925 S146 | ||
| 650 | _aLEASES | ||
| 650 | _aMORTGAGEES | ||
| 650 | _aPEACEABLE RE-ENTRY | ||
| 650 | _aRELIEF | ||
| 690 | _aLANDLORD AND TENANT-BUSINESS TENANCIES-CASE LAW | ||
| 942 | _n0 | ||
| 948 | _c04/03/1997 | ||
| 999 |
_c28324 _d28324 |
||